| 000 | 00726nam a22001935i 4500 | ||
|---|---|---|---|
| 001 | 167471 | ||
| 003 | ES-MaACL | ||
| 005 | 20231206063252.0 | ||
| 008 | 990324s1874 sp |||| | spa d | ||
| 080 | _a821.134.2-23"18" | ||
| 100 | 1 |
_aVidart, Luis, _d1833-1897 _9114538 |
|
| 245 | 1 | 0 |
_aPena sin culpa : _bdrama en tres actos / _cLuis Vidart. |
| 260 |
_aMadrid : _b[s.n.], _c1874 ( _fImp. de J. Noguera a cargo de M. MartĂnez) |
||
| 300 |
_a46 p. ; _c25 cm. |
||
| 530 | _aDisponible en formato digital. | ||
| 852 |
_aES-MaACL _jT-177-F-1 _z- Enc. hol. _z- Enc. en un vol. facticio |
||
| 856 |
_uhttp://bdh-rd.bne.es/viewer.vm?id=0000112870&page=1 _zBiblioteca Digital Hispánica |
||
| 999 |
_c167471 _d167471 |
||